00353nam a22000857a 4500008004100000082002000041110002800061245017000089300000800259230605b xxu||||| |||| 00| 0 eng d a328.676005bKEN bKenya national Assembly aRepublic of kenyabNational Assembly Standing orderscAs amended up to and including october 28, 1992, Being the date of dissolution of the sixth parliament of kenya a80p